Vives / (Record no. 136708)

MARC details
000 -LEADER
campo de control de longitud fija 00595nam a2200217 4500
001 - NÚMERO DE CONTROL
campo de control 136708
003 - IDENTIFICADOR DE NÚMERO DE CONTROL
campo de control ES-MaACL
005 - FECHA Y HORA DE LA ÚLTIMA TRANSACCIÓN
campo de control 20230906195216.0
007 - CAMPO FIJO DE DESCRIPCIÓN FÍSICA--INFORMACIÓN GENERAL
campo de control de longitud fija t|
008 - DATOS DE LONGITUD FIJA--INFORMACIÓN GENERAL
campo de control de longitud fija 070214s1982 sp r ||||1| spa d
020 ## - NÚMERO INTERNACIONAL ESTÁNDAR DEL LIBRO
Número Internacional Estándar del Libro 84-7327-059-2
100 1# - ENTRADA PRINCIPAL--NOMBRE DE PERSONA
Nombre de persona Sagardía, Ángel.
9 (RLIN) 139049
245 10 - MENCIÓN DEL TÍTULO
Título Vives /
Mención de responsabilidad, etc. Angel Sagardía.
260 ## - PUBLICACIÓN, DISTRIBUCIÓN, ETC.
Lugar de publicación, distribución, etc. Barcelona :
Nombre del editor, distribuidor, etc. Nou Art Thor,
Fecha de publicación, distribución, etc. 1982.
300 ## - DESCRIPCIÓN FÍSICA
Extensión 32 p. :
Otras características físicas il. ;
Dimensiones 21 cm.
490 1# - MENCIÓN DE SERIE
Mención de serie Gent nostra ;
Designación de volumen o secuencia 20
500 ## - NOTA GENERAL
Nota general Autógrafo del autor.
830 0# - PUNTO DE ACCESO ADICIONAL DE SERIE-TÍTULO UNIFORME
Título uniforme Gent nostra ;
Designación de volumen o secuencia 20
9 (RLIN) 190449
852 ## - LOCALIZACIÓN
Ubicación ES-MaACL
Número de control de estantería 2137-F-20
Sublocalización o colección R.113896
Holdings
Estatus retirado Estado de pérdida Estado de daño No para préstamo Colección Biblioteca de origen Biblioteca actual Ubicación en estantería Fecha de adquisición Fuente de adquisición Total de préstamos Signatura topográfica completa Código de barras Visto por última vez Precio de reemplazo Tipo de ítem Koha
        Colección de folletos Biblioteca del Ateneo de Madrid Biblioteca del Ateneo de Madrid Depósito folletos 17/01/2008     2137-F-20 1142275 23/02/2023 23/02/2023 Folleto